000 00630nam a2200229 a 4500
999 _c3662
_d3662
001 18476
003 BD-DhUAP
005 20200312115027.0
008 200310r20132008bg 001 1 eng d
020 _a9847002002936
020 _a984643135x
040 _aUk
_beng
_cUk
_dBD-DhUAP
082 _223
_a821.912 YEA
100 _aYeats, W. B.
245 1 0 _aSelected Poems /
_cW. B. Yeats.
260 _aDhaka :
_bFriends' Book,
_cc2008 [Reprinted 2013].
300 _axlii, 294 pages ;
_c21 cm.
500 _aInclude index.
650 _aEnglish poetry.
942 0 0 _2ddc
_cBK